| 000 | 01274cam a2200265 a 4500 | ||
|---|---|---|---|
| 001 | 15627852 | ||
| 005 | 20090808160309.0 | ||
| 008 | 090217s2009 flua b 001 0 eng | ||
| 020 | _a9781420076882 (hardcover : alk. paper) | ||
| 020 | _a1420076884 (hardcover : alk. paper) | ||
| 040 |
_aDLC _cDLC _dBTCTA _dBAKER _dUKM _dYDXCP _dC#P _dBWX _dCDX _dDLC |
||
| 082 | 0 | 0 |
_a621.811 _222 _bPER |
| 100 | 1 |
_aPerez Blanco, H. _928733 |
|
| 245 | 1 | 4 |
_aThe Dynamics of Energy : _bSupply, Conversion, and Utilization / _cHoracio Perez-Blanco. |
| 260 |
_aBoca Raton : _bCRC Press, _c2009. |
||
| 300 |
_a316 p. : _bill. ; _c25 cm. + _e1 CD-ROM (4 3/4 in.) |
||
| 500 | _ainclude 1 CD-ROM (4 3/4 in.) | ||
| 504 | _aIncludes bibliographical references and index. | ||
| 650 | 0 |
_aPower resources. _928734 |
|
| 653 |
_bMec _cFebruary2012 |
||
| 942 |
_2ddc _cBB |
||
| 999 |
_c16422 _d16422 |
||